| 000 | 00879nam a22003017a 4500 | ||
|---|---|---|---|
| 005 | 20230602181624.0 | ||
| 008 | 160307b2010 xxu||||| |||| 00| 0 spa d | ||
| 020 | _a9786074812671 | ||
| 041 | _aESP | ||
| 082 | _a004.21 S782p9 | ||
| 100 |
_aStair, Ralph M. _978944 |
||
| 100 |
_aReynolds, George W. _978945 |
||
| 245 | _aPrincipios de sistemas de información | ||
| 250 | _a9 edición | ||
| 260 |
_aMéxico _bCengage Learning _c2010 |
||
| 300 | _a658 páginas | ||
| 650 |
_aSISTEMAS DE INFORMACIÓN _978946 |
||
| 650 |
_aTECNOLOGÍAS DE INFORMACIÓN _978947 |
||
| 650 |
_aSOFTWARE _978948 |
||
| 650 |
_aBASES DE DATOS _978949 |
||
| 650 |
_aTELECOMUNICACIONES _978950 |
||
| 650 |
_aINTERNET _978951 |
||
| 650 |
_aINTRANETS _978952 |
||
| 650 |
_aEXTRANETS _978953 |
||
| 650 |
_aSISTEMAS EMPRESARIALES _978954 |
||
| 650 |
_aDESARROLLO DE SISTEMAS _978955 |
||
| 942 | _cBK | ||
| 999 |
_c7798 _d7798 |
||